Famosos por letra - P - Estadísticas

Estadísticas generales
  • Esta prueba ha sido intentada 77 veces
  • La puntuación promedio es 7 de 16
Estadísticas de respuestas
Imagen Respuesta % Correcto
Pitbull
90%
Pablo Picasso
89%
Penélope Cruz
84%
Pablo Alborán
77%
Pedro Almodóvar
74%
Paris Hilton
69%
Paul McCartney
57%
Pierce Brosnan
31%
Patrick Dempsey
28%
Priyanka Chopra
26%
Pablo Neruda
25%
Pedro Infante
13%
Peyton Manning
10%
Phoebe Waller-Bridge
10%
Paula Abdul
8%
Patti LaBelle
5%
No se encontraron pruebas coincidentes
Distribución de puntuación
Porcentaje de gente con cada puntuación
Porcentaje por número respondido
Historial de tus puntuaciones
No has intentado esta prueba.